| 000 | 00323nam a22001337a 4500 | ||
|---|---|---|---|
| 020 | _a0-87909-760-4 | ||
| 082 | _a629.8323 MIL'S | ||
| 100 |
_aMILLER, R. W _966763 |
||
| 245 | _aSERVOMECHANISMS DEVICES AND FUNDAMENTALS | ||
| 260 |
_aUSA _bRESTON _c1977 |
||
| 300 | _a258P | ||
| 650 |
_aSERVOMECHANISMS _95946 |
||
| 942 | _cBK | ||
| 999 |
_c580285 _d580285 |
||